5000 anys d'història : itinerari pel patrimoni arqueològic : Parc de la Serralada Litoral itinerari pel patrimoni arqueològic :
Descripción Física:
15 p. : il. col. ; 21 cm
Colección:
Patrimoni cultural
MARC
| LEADER | 00000nam a2200000Ia 4500 | ||
|---|---|---|---|
| 001 | 23802 | ||
| 008 | 160829s2011 xx 000 0 cat d | ||
| 080 | |a FU-62-44 | ||
| 245 | |a 5000 anys d'història : |b itinerari pel patrimoni arqueològic : |b Parc de la Serralada Litoral | ||
| 260 | |a Barcelona : |b Diputació de Barcelona. Àrea d'Espais Naturals, |c 2011 | ||
| 300 | |a 15 p. : |b il. col. ; |c 21 cm | ||
| 490 | |a Patrimoni cultural | ||
| 610 | 1 | 0 | |a Parc de la Serralada Litoral (Catalunya) |x Circuits turístics |9 52713 |
| 710 | |a Barcelona (Catalunya : Província). |b Àrea d'Espais Naturals |9 9050 | ||
| 901 | |a Arxiu | ||
| 942 | |n 1 | ||
| 952 | |0 0 |1 0 |4 0 |6 FU6244 |7 1 |9 55258 |a Arxiu |b Arxiu |d 2016-12-01 |l 0 |o FU-62-44 |p 23802 |r 2016-12-01 00:00:00 |w 2016-12-01 |y ARXIU | ||
| 999 | |c 59131 |d 59131 | ||